Movies Quiz

Random Movies or Actress Quiz

Johnny Depp Character Quick-Change Quiz Stats

 Plays Quiz Updated Oct 9, 2018

Also try: Depp and Burton
Challenge
Share
Tweet
Embed
Score 0/20 Timer 07:00
4 Plays Today
% Correct
Pirates of the Caribbean: Dead Man's Chest
97.7%
Charlie and the Chocolate Factory
97%
Alice in Wonderland
94.7%
[character]: The Demon Barber of Fleet Street
89.2%
Sleepy Hollow
78%
The Corpse Bride
70.8%
Public Enemies
65.8%
21 Jump Street
58%
Finding Neverland
53.9%
The Astronaut's Wife
48.9%
% Correct
Chocolat
47.1%
From Hell
29.4%
The Tourist
28.4%
Secret Window
28.4%
Once Upon a Time in Mexico
24.5%
A Nightmare on Elm Street
23.5%
The Libertine
22.2%
The Rum Diary
21%
Before Night Falls
9.5%
...And They Lived Happily Ever After
8.7%

You're not logged in!

Compare scores with friends on all Sporcle quizzes.
OR
Log In

You Might Also Like...

Show Comments

Extras

Top Quizzes Today


Score Distribution

Your Account Isn't Verified!

In order to create a playlist on Sporcle, you need to verify the email address you used during registration. Go to your Sporcle Settings to finish the process.

Report this User

Report this user for behavior that violates our Community Guidelines.

Details: